Statistiken für Liedtext - Für dich - Yvonne Catterfeld

Klicken Sie hier um das Quiz zu spielen!

Allgemein

  • Dieses Quiz wurde 139 mal gespielt
  • Das Durchschnittsergebnis liegt bei 230 aus 297

Antwortstatistiken

Textquiz% Korrekt
dich
99%
für
99%
Für
99%
Ich
98%
ich
98%
du
95%
die
92%
wo
91%
so
90%
Bis
89%
bist
89%
den
88%
der
87%
Und
85%
und
85%
weiter
85%
Wolken
85%
das
82%
schiebe
82%
nicht
81%
bei
80%
mir
80%
wie
80%
an
76%
wieder
76%
nur
75%
lang
74%
siehst
74%
bin
73%
Erde
73%
alles
72%
Sternenhimmel
72%
in
71%
dreh'
70%
leb'
70%
Tag
70%
jeden
69%
mach
69%
dir
68%
ein
64%
noch
63%
Sonst
63%
als
62%
meinen
62%
lach'
61%
unendlich
61%
immer
60%
Licht
60%
sein
59%
spür
58%
heller
57%
mich
57%
wein'
56%
wein
56%
wenn
55%
werd'
55%
es
53%
ganz
53%
Träumen
53%
am
52%
hör
50%
auf
48%
mit
46%
schrei'
46%
Auch
45%
fest
45%
halt
44%
Regenbogen
44%
Weil
44%
ist
43%
fühle
42%
darin
41%
schließ'
41%
Horizont
38%
ohne
38%
Morgen
36%
kommt
35%
Worte
35%
dunkel
32%
vermisse
30%
Lachen
28%
machst
27%
draus
25%
Tränen
23%
bewahr'
20%

Verteilung der Resultate

Perzentil nach korrekt beantworteten Fragen

Anzahl Personen mit jedem Resultat

Ihre Resultats-Entwicklung

Sie haben dieses Quiz noch nicht gespielt